| 000 | 00660nam a2200229 a 4500 | ||
|---|---|---|---|
| 999 |
_c8810 _d8810 |
||
| 001 | 2447 | ||
| 003 | BD-JhCC | ||
| 005 | 20180304113027.0 | ||
| 008 | 171102s2010 bg |||| ||a| 000 0 ben d | ||
| 020 | _a9844614147 | ||
| 035 | _a(BD-JhCC) | ||
| 040 |
_aBD-JhCC _dBD-JhCC |
||
| 041 | _aben | ||
| 082 |
_a891.4435 _bCHO 2010 |
||
| 100 | _aচৌধুরী, তিতাশ | ||
| 245 |
_aআপন ভুবন / _cতিতাশ চৌধুরী |
||
| 260 |
_aঢাকা: _bগতিধারা ; _c২০১০. |
||
| 300 |
_a১৯১ পৃ. ; _c২২ সেমি |
||
| 650 | _aBenglai Stories | ||
| 942 |
_2ddc _cBK |
||